MDQL
is popping MORE tags! Check the
thread
!
Quizzes
Events
Quiz Creation
Community
Videos
Private Events
Remove Ads
Sign In
Join for FREE
Feedback
Dark Mode
Quiz Categories
Sports
Geography
Music
Movies
Television
Just For Fun
Miscellaneous
History
Literature
Language
Science
Gaming
Entertainment
Religion
Holiday
For Kids
Quiz Lab
Recent
Popular Today
Quiz Kudos Today
Editor Picks
Curator Picks
Quizzes by...
Day
Popularity
Type
Ratings
Length
Year
Community
Subscriptions
Recent Discussions
Orange Saloon
Badges
Playlists
Quests
Create
Leaderboards
Showdown
Live 5
Trivia Bingo
Activity
Puzzle Library
Sporcle Events
Private Events
Virtual Trivia
Globe League
Become a Host
Pub Owners
SporcleCon
Opinionation
Our Games
Videos
Blog
Mobile Apps
Partnerships
Remove Ads and Go Orange
Feedback
Entertainment
Celebrity
Famous
Musical
Broadway
Show
Quote
Comic Books
Anime
Superhero
DC Comics
Marvel
Cartoons
Animation
Entertainment
Celebrity
Famous
Musical
Broadway
Show
Quote
Comic Books
Anime
Superhero
DC Comics
Marvel
Cartoons
Animation
Random Quiz
Search Sporcle
×
Quiz Lab
Quiz Lab
Entertainment
Play
Type in answers that appear in a list
Type in answers that appear in a list
Classic
Best Score? Go Orange.
A in Sporcle Stats
Can you name the all the quizzes on Sporcle which start with A?
By
Roman
15m
180 Questions
7 Plays
7 Plays
7 Plays
Comments
Comments
Give Quiz Kudos
Give Quiz Kudos
-
- Ratings
hide this ad
More Info
Replay
Link that replays current quiz
Next Quiz
Link to next quiz in quiz playlist
You Got
0%
They Got
Avg Score
15%
Avg Friend Score
Upgrade to see
Score Distribution
Jump to the score distribution portion of the page
Score
0/180
Timer
15:00
0
Plays Today
Category
% Correct
Music
AC
57.1%
Geography
A-Less Countries
28.6%
Geography
AIDS
28.6%
Sports
AFL Teams
28.6%
Language
'ACE' Words
28.6%
Miscellaneous
'A' Game
28.6%
Miscellaneous
Alphabetically Last
28.6%
Geography
A-Less States
14.3%
Geography
A-to A Geography
14.3%
Geography
Africa by capital
14.3%
Geography
Africa's populous cities
14.3%
Geography
Africa's largest cities
14.3%
Geography
Alliterative Bordering Countries
14.3%
Geography
Alliterative World Capitals
14.3%
Geography
Alphabetical Cites(In Europe)
14.3%
Geography
Alphabetical Cities(USA)
14.3%
Geography
Alphabetical Countries
14.3%
Geography
Alphabetical US States
14.3%
Geography
American Suburbs
14.3%
Geography
Alphabetically Last Countries A-Z
14.3%
Geography
America Populous Cities
14.3%
Geography
Arab League Members
14.3%
Geography
Antarctic Territorial Claims
14.3%
Geography
Asia by Capital
14.3%
Geography
Asia Populous Cities
14.3%
Geography
Asia's Largest Cities
14.3%
Geography
Austalian Capitals
14.3%
Geography
Asian Cities A-Z
14.3%
Geography
Australian Foreign Born Population
14.3%
Geography
Australian States
14.3%
Entertainment
Acting Families
14.3%
Entertainment
Actors in Disguise
14.3%
Entertainment
Actor and Actress Anagrams
14.3%
Entertainment
Adages
14.3%
Entertainment
Adages II
14.3%
Entertainment
Advertising Campaigns
14.3%
Entertainment
Advertising Slogans II
14.3%
Entertainment
Advertising Slogans
14.3%
Entertainment
Advertising Slogans III
14.3%
Entertainment
Advertising Slogans IV
14.3%
Entertainment
American Girl Characters
14.3%
Entertainment
Alliterative Names
14.3%
Entertainment
Andrew Lloyd Weber Musicals
14.3%
Science
A-Z Human Body
14.3%
Entertainment
Apple Computers
14.3%
Science
Alkanes
14.3%
Science
Amino Acids
14.3%
Science
Anatomy of the Heart
14.3%
Science
Animal Collections
14.3%
Science
Animals by Species
14.3%
Science
Astronomical Terms
14.3%
History
Ancient Wonders
14.3%
History
Apollo 11
14.3%
History
Assassinations
14.3%
Literature
Agatha Christie Novels
14.3%
Literature
American Authors
14.3%
Literature
And Then There Was None
14.3%
Literature
Animorph Books
14.3%
Literature
Anne Rice Novels
14.3%
Literature
Artemis Fowl Books
14.3%
Category
% Correct
Literature
Author by Character
14.3%
Literature
Author by Movie Scene
14.3%
Literature
Autobiographies
14.3%
Sports
A-Z Rushing Leaders
14.3%
Sports
ACC
14.3%
Sports
All Star:3 Point Champs
14.3%
Sports
All time NHL Point Scores
14.3%
Sports
American East
14.3%
Sports
American football positions
14.3%
Sports
American football scoring
14.3%
Sports
AP Female Athletes
14.3%
Sports
AP Male Athletes
14.3%
Sports
Athlete Anagrams
14.3%
Sports
Athlete Nicknames
14.3%
Sports
Atlantic 10
14.3%
Sports
Atlantic Sun
14.3%
Sports
Augusta National
14.3%
Sports
Australian Open Champs
14.3%
Language
'And' Idioms
14.3%
Language
A to Z then Double E
14.3%
Language
AA Battery
14.3%
Language
Aa to Az in 4 Letters
14.3%
Language
Add a 'C'
14.3%
Lanaguge
Add a 'P'
14.3%
Lanaguge
Add a 'TH'
14.3%
Language
Add A 'W'
14.3%
Language
Add an 'H'
14.3%
Language
Add an 'L'
14.3%
Language
Add an 'R'
14.3%
Language
ADE Words
14.3%
Language
All Five Vowels
14.3%
Language
Almost Dirty Words
14.3%
Language
Animal Adjectives
14.3%
Just for Fun
Animals A-Z
14.3%
Movies
A-Z 1 Word Movies
14.3%
Movies
A Z 1 Word Movies II
14.3%
Movies
Actor Movie Chain
14.3%
Movies
Actor Movie Chain II
14.3%
Movies
Actor Director-Collaborations
14.3%
Movies
Actor Pairings
14.3%
Movies
Actors by Role
14.3%
Movies
Actors by Role II
14.3%
Movies
Actors from Heat
14.3%
Movies
Actors Highest Grossing
14.3%
Movies
Actors Highest Grossing II
14.3%
Movies
Actors' Real Names
14.3%
Movies
Adam Sandler Movies
14.3%
Movies
Adam Sandler Movies by Reoccuring Themes
14.3%
Movies
AFL 100 Years 100 Laughs
14.3%
Movies
AFL Best Musical Movies
14.3%
Movies
AFL Top 10
14.3%
Movies
AFL Life Achievement Awards
14.3%
Movies
AFL Top 10 Part II
14.3%
Movies
AFL Top 100
14.3%
Movies
Al Pacino Movies
14.3%
Movies
Al Pacino Oscar Nominations
14.3%
Movies
Alan Rickman Movies
14.3%
Movies
Alfred Hitchcock Movies
14.3%
Movies
All-Time Box Office
14.3%
Movies
Angelina Jolie Movies
14.3%
Category
% Correct
Movies
Ang Lee Movies
14.3%
Movies
Animal Movies
14.3%
Movies
Animal Term Movies
14.3%
Movies
Animated Movies by Characters
14.3%
Movies
Animated Movies by Picture
14.3%
Movies
Anthony Hopkins Movies
14.3%
Movies
Astaire and Rogers
14.3%
Television
Adult Swim Original Comedies
14.3%
Television
Aaron Spelling Shows
14.3%
Television
Alphabetical TV
14.3%
Television
American Idol Finalists
14.3%
Television
American Idol Winners
14.3%
Television
American TV Families
14.3%
Television
Animaniacs Good Ideas, Bad Ideas
14.3%
Television
Arrested Development
14.3%
Television
Arrested Development Chicken Impressions
14.3%
Music
ABBA Albums
14.3%
Music
About Eric Clapton
14.3%
Music
About Jimi Hendrix
14.3%
Music
About the Police
14.3%
Music
Aerosmith Albums
14.3%
Music
Aerosmith Songs
14.3%
Music
Alanis Morisette's Other Hand
14.3%
Music
Album Covers
14.3%
Music
Album Covers by Description
14.3%
Music
Album Covers II
14.3%
Music
Album Covers III
14.3%
Music
Album Grammy Winners
14.3%
Music
All of Me
14.3%
Music
All Time Low Songs
14.3%
Music
Alliterative Musicians
14.3%
Music
Alphabetical Songs
14.3%
Music
American Pie Lyrics
14.3%
Music
Animal Bands
14.3%
Music
As time Goes By
14.3%
Music
Artists who Hit #1(2000s)
14.3%
Music
Australia Top 100
14.3%
Music
Awesomely Bad Songs
14.3%
Gaming
Atari 2600 Games
14.3%
Miscellaneous
Adobe CS4
14.3%
Miscellaneous
Agency Acronyms
14.3%
Miscellaneous
Airport City Codes(International)
14.3%
Miscellaneous
Airport City Codes(US)
14.3%
Miscellaneous
Airport City Codes II(US)
14.3%
Miscellaneous
AKC Breeds
14.3%
Miscellaneous
AKC Categories
14.3%
Miscellaneous
All or Nothing
14.3%
Miscellaneous
Alphabetical 1-100
14.3%
Miscellaneous
Alphabetically First
14.3%
Miscellaneous
Alphanumeric Things
14.3%
Miscellaneous
Also a President's Name
14.3%
Miscellaneous
Also Known as
14.3%
Miscellaneous
American Breakfast Cereals
14.3%
Miscellaneous
Answers in Common
14.3%
Miscellaneous
AP Classes
14.3%
Miscellaneous
Art Movements
14.3%
Holiday
Adam Sandlers' Chanukah
14.3%
Holiday
ASCAP Holiday Songs of the Decade
14.3%
Holiday
Away in a Manger
14.3%
Entertainment
Actor Chain:Broadway Edition
14.3%
Quiz Playlist
Details
Report
Send in Message
Add To Playlist
More Info:
Mentally Stimulating Diversions
Classic:
Type in answers that appear in a list
Last Updated: Feb 16, 2017
Quiz Scoreboard
CHALLENGE
Sign Up to Join the Scoreboard
Show All
Scores
Hide
Comments
May contain spoilers
Recently Published
5x2 Blitz: Bands
by SL_Kpop136
Music
30s
Colored Red Africa Blitz
by spor1
Geography
30s
Find the 'City' Movie
by crazypaving
Movies
60s
More to Explore
Quiz From the Vault
Featured Blog Post
14 Easter Pick-up Lines to Find Eggs With
hide this ad
You Might Also Like...
Tags
Play Quiz
Sporcle Quiz
Category
start
Today's Top Quizzes in Entertainment
Browse Entertainment
hide this ad
Today's Top Quizzes in Play
Browse Play
Top Contributed Quizzes in Entertainment
1
Dragon Ball Z: Goku's Fights in Order
2
Marvel Classic Character Map
3
Marvel Characters Bunker
4
JoJo's Bizarre Logic Quiz
5
This is Your Life: Edward Elric
6
BOYS PLANET Quiz
7
Celebrity Spelling Bee
8
This is Your Life: Itachi Uchiha
9
One Piece Heroines Chapter Cover
10
Survivor Winners Logic Quiz
Explore More
Trending Topics
Crossword
Disney
Marvel
Harry Potter
Anime
NBA
Kpop
NFL
Puzzle
The Office
WWE
Pokémon
Soccer
Song
Country
hide this ad
More By:
Roman
Quiz
Plays
Rating
Category
Featured
Created
Most Developed Countries
165,782
4.42
Geography
Dec 1, 2009
US Largest Cities (1910)
140,115
4.61
Geography
Nov 11, 2009
US Largest Cities (1920)
129,947
4.62
Geography
Dec 1, 2009
US Largest Cities (1960)
100,926
4.61
Geography
Jan 5, 2010
Sahara Countries
26,705
4.61
Geography
Nov 4, 2009
Go to Creator's Profile
Score Distribution
Quiz Creator Spotlight
Roman
Follow
Send a Message
Quizzes Created
-
Created Quiz Play Count
-
More By This Creator
Popular Quizzes Today
1
Colored Red Africa Blitz
2
Find the US States - No Outlines Minefield
3
Find the 'City' Movie
4
5x2 Blitz: Bands
5
The Countries of the World
6
Find the US States
7
US States
8
Find the Countries of Europe - No Outlines Minefield
More Entertainment Quizzes
Who's That with David Letterman?
Published
Trending Quizzes
Colored Red Europe Blitz I
Colored Red Europe Blitz II
Colored Red Africa Blitz II
Colored Red Europe Blitz III
Colored Red Africa Blitz III
Recently Updated
How Do You Spell That?
pecheneg
Godzilla Movies
pecheneg
Grab Bag: 4-10 Letters
pecheneg
2024 March Madness Bracket
pecheneg
Famous TV Couples
Peacemaker
Champions League XIs: Real Madrid
pecheneg
Largest US Cities 1790-2010
pecheneg
Rides in Walt Disney World
pecheneg
Most Oscar Losses (Acting)
pecheneg
Beyoncé Albums
pecheneg
Trending Topics
Kpop
Harry Potter
Marvel
NBA
Crossword
Disney
Anime
Song
Country
Puzzle
Pokémon
NFL
WWE
Soccer
The Office
Your Account Isn't Verified!
In order to create a playlist on Sporcle, you need to verify the email address you used during registration. Go to your
Sporcle Settings
to finish the process.
Report this User
Report this user for behavior that violates our
Community Guidelines
.
Details:
Send Report
Go to the Sporcle.com Mobile Site →
Comments